Experiences in physical science / (Record no. 1355)

MARC details
000 -LEADER
fixed length control field 01076nac a22003011i 4500
003 - CONTROL NUMBER IDENTIFIER
control field EG-ScBUE
005 - DATE AND TIME OF LATEST TRANSACTION
control field 20250529083515.0
008 - FIXED-LENGTH DATA ELEMENTS--GENERAL INFORMATION
fixed length control field 250309t1985 caua f d 001 0 eng d
020 ## - INTERNATIONAL STANDARD BOOK NUMBER
International Standard Book Number 0844555894
040 ## - CATALOGING SOURCE
Original cataloging agency EG-ScBUE
Language of cataloging eng
Description conventions rda
Transcribing agency EG-ScBUE
Modifying agency EG-ScBUE
082 04 - DEWEY DECIMAL CLASSIFICATION NUMBER
Classification number 530
Item number EXP
Edition number 22
245 00 - TITLE STATEMENT
Title Experiences in physical science /
Statement of responsibility, etc Michael A. Magnoli, professor of science education, Mobile College, Mobile, Alabama, [and three others]
264 #1 - PUBLICATION, DISTRIBUTION, ETC. (IMPRINT)
Place of publication, distribution, etc Mission Hills, California :
Name of publisher, distributor, etc Glencoe a division of Macmillan Publishing Company,
Date of publication, distribution, etc [1985]
264 #4 - PUBLICATION, DISTRIBUTION, ETC. (IMPRINT)
Date of publication, distribution, etc c1985
300 ## - PHYSICAL DESCRIPTION
Extent 592 pages :
Other physical details color illustrations ;
Dimensions 26 cm
336 ## - CONTENT TYPE
Source rdacontent
Content type term text
Content type code txt
337 ## - MEDIA TYPE
Media type term unmediated
Source rdamedia
Media type code n
338 ## - CARRIER TYPE
Carrier type term volume
Carrier type code nc
Source rdacarrier
500 ## - GENERAL NOTE
General note Includes index.
500 ## - GENERAL NOTE
General note Includes glossary.
650 #7 - SUBJECT ADDED ENTRY--TOPICAL TERM
Topical term or geographic name as entry element Physics.
Source of heading or term BUEsh
655 ## - INDEX TERM--GENRE/FORM
Form subdivision Reading book
700 1# - ADDED ENTRY--PERSONAL NAME
Personal name Magnoli, Michael A.,
Relator term author.
700 1# - ADDED ENTRY--PERSONAL NAME
Personal name Shymansky, James A.
Fuller form of name (James Andrew),
Dates associated with a name 1943-
Relator term author.
700 1# - ADDED ENTRY--PERSONAL NAME
Personal name Blecha, Milo K.,
Relator term author.
700 1# - ADDED ENTRY--PERSONAL NAME
Personal name Holly, Joyce C.,
Relator term author.
942 ## - ADDED ENTRY ELEMENTS (KOHA)
Koha item type Book - Borrowing
Source of classification or shelving scheme Dewey Decimal Classification
Holdings
Withdrawn status Lost status Source of classification or shelving scheme Damaged status Not for loan Collection code Home library Current library Shelving location Date acquired Source of acquisition Cost, normal purchase price Total Checkouts Full call number Barcode Date last seen Date checked out Cost, replacement price Price effective from Koha item type
    Dewey Decimal Classification     Baccah Central Library Central Library First floor 04/09/2006 Purchase 250.00 1 530 EXP 000003106 15/07/2025 30/07/2015 312.50 04/09/2006 Book - Borrowing